MARC

LEADER 00000nam0a2200000 4500
001 364689
005 20231102011720.0
035 |a (RuTPU)RU\TPU\retro\22047 
090 |a 364689 
100 |a 20211124d1965 m y0gery50 ba 
101 0 |a ger 
102 |a DE 
105 |a a j 001zy 
200 1 |a Fachkunde Werkzeugmacher  |f G. Blumel, H. Glasny, E. Munzenberger und andere 
205 |a 5., verbesserte Auflage 
210 |a Berlin  |c VEB Verlag Technik  |d 1965 
215 |a 223 s.  |c il. 
320 |a Sachwortverzeichnis: s. 219-223 
606 1 |a Инструментальное дело  |2 stltpush  |3 (RuTPU)RU\TPU\subj\12678  |9 39421 
610 1 |a станки 
610 1 |a машины 
610 1 |a инструменты 
610 1 |a металлообработка 
610 1 |a режимы работы 
610 1 |a испытания 
610 1 |a методы 
610 1 |a конструирование 
610 1 |a производство 
610 1 |a металлы 
610 1 |a электроэрозионная обработка 
610 1 |a немецкий язык 
610 1 |a учебные пособия 
675 |a 621.9.02.002(075)  |v 4 
701 1 |a Blumel  |b G. 
701 1 |a Glasny  |b H. 
701 1 |a Munzenberger  |b E. 
701 1 |a Rohr  |b H. 
701 1 |a Specht  |b B. 
801 1 |a RU  |b 63413507  |c 20211124 
801 2 |a RU  |b 63413507  |c 20230221  |g RCR 
942 |c BK